[Event "Liechtenstein op"]
[Site "Schellenberg"]
[Date "1989.05.03"]
[Round "6"]
[White "Dueball, Juergen"]
[Black "Kozul, Zdenko"]
[Result "1-0"]
[WhiteElo "2435"]
[BlackElo "2490"]
[Annotator "Dueball,J"]
[PlyCount "89"]
[EventDate "1989.04.28"]
[EventType "swiss"]
[EventRounds "9"]
[EventCountry "LIE"]
[SourceTitle "EXT 2003"]
[Source "ChessBase"]
[SourceDate "2002.11.25"]
[SourceVersion "1"]
[SourceVersionDate "2002.11.25"]
[SourceQuality "1"]

1. e4 c5 2. Nf3 d6 3. d4 cxd4 4. Nxd4 Nf6 5. Nc3 Nc6 6. Bg5 e6 ({Eine ganz
aehn liche Stellung wie in der Partie entsteht in der Hauptvariante von B61} 
6... Bd7 7. Qd2 Rc8 8. O-O-O ({oder} 8. f4 Nxd4 9. Qxd4 Qa5 10. e5 dxe5 11.
fxe5 e6 12. O-O-O) 8... Nxd4 9. Qxd4 Qa5 10. f4 e6 11. e5 dxe5 12. fxe5 {
Siehe die Anmerkungen zum 13. Zug.}) 7. Qd2 a6 8. O-O-O Bd7 9. Be2 Rc8 (9...
Be7 10. f4 $11 {- B68}) 10. f4 Nxd4 $146 (10... Be7 $5 {- B68}) (10... h6 11.
Bh4 (11. Bxf6 $5 $13 {Mnatsakanian-Kupreichik, Kirovakan 1978}) 11... Nxe4 $1
12. Nxe4 Qxh4 13. Nf3 Qe7 14. Nxd6+ Qxd6 15. Qxd6 Bxd6 16. Rxd6 Ke7 $11) 11.
Qxd4 Qa5 $2 (11... Be7 $8 12. e5 dxe5 13. fxe5 Nd5 14. Bxe7 Nxc3 15. Qxc3 Qxe7
16. Qg3 O-O 17. Rd6 $14) 12. e5 $1 (12. Bxf6 gxf6 13. Qxf6 Rg8 $44) 12... dxe5
13. fxe5 $16 {Im Vergleich zur Stellung aus B61 sind die zusaetzlichen Zuege
Be2 und a6 geschehen, was einen grossen fuer Weiss vorteilhaften Unterschied
ausmacht.} Rxc3 $6 {Das Qualitaetsopfer ist nicht korrekt, aber Schwarz hat
keine gute Alternative.} (13... Bc6 $2 {Das ist in der analogen Stellung in
B61 der beste Zug , aber hier nicht spielbar.} 14. Bxf6 $1 gxf6 15. Ne4 $1 fxe5
(15... Rd8 16. Nxf6+ Ke7 17. Qh4 Rxd1+ 18. Rxd1 $18 {In B61 muss Weiss mit dem
Koenig schlagen. In B61 muss Weiss mit dem Koenig schlagen.}) 16. Nf6+ Ke7 17.
Qh4 Bg7 18. Nh5+ Kf8 19. Rhf1 $1 $18 {Gegenueber B61 ist hier a6 bedeutungslos,
aber der Extraentwicklungszug gibt Weiss entscheidenden Angriff.}) (13... Qc5
$2 14. exf6 $1 (14. Qxc5 $143 Rxc5 15. Bxf6 gxf6 16. Ne4 Bh6+ 17. Kb1 Rxe5 18.
Nxf6+ Ke7 19. Rxd7+ Kxf6 20. Rf1+ $16) 14... Qxg5+ 15. Rd2 $1 (15. Kb1 $143)
15... Bc6 (15... Rc7 16. Ne4 Qg6 17. Bh5 $1 $18) (15... Rd8 16. Ne4 Qg6 17. Bh5
$1 $18) 16. Bf3 $18) (13... Bc5 $6 14. Qd3 $1 (14. Qd2 Nd5 15. Nxd5 Qxd2+ 16.
Rxd2 exd5 17. Rxd5 Be6 $11) 14... Nd5 15. Nxd5 exd5 16. Qxd5 Bc6 17. Qb3 $1 (
17. Qd3 O-O) 17... O-O $16 (17... Bxg2 $2 18. Bg4 $1 O-O 19. Bxc8 Bxh1 20. e6
$1 $18)) (13... Nd5 $142 {Noch relativ am besten.} 14. Nxd5 exd5 15. Qxd5 Qxd5
16. Rxd5 Be6 (16... Bc6 $143 17. Rd2 $16 Bxg2 $2 18. Rhd1 Be7 19. Bxe7 Kxe7 20.
Bg4 $18) 17. Rd3 $16) 14. Bd2 Qxa2 (14... Bc5 15. Bxc3 Bxd4 16. Bxa5 Bxe5 17.
Bf3 $16) (14... Rxc2+ 15. Kxc2 Qc7+ 16. Kb1 $16) 15. Bxc3 g6 (15... Bc5 $2 16.
Qxc5 Qa1+ (16... Ne4 17. Qa5 $18) 17. Kd2 Ne4+ 18. Ke3 Qxd1 19. Qc7 $1 $18) 16.
b4 $1 Nd5 17. Bc4 {Gegenueber B61 hat Schwarz jetzt den Extrazug a6, da dort
der Laeufer in einem Zug nach c4 gelangt. Das ist eine kleine Verbesserung,
aber nicht genug, die Variante spielbar zu machen.} Bh6+ $2 (17... Qa3+ $8 18.
Bb2 Qe3+ 19. Kb1 Qxd4 20. Rxd4 $16) 18. Rd2 $1 $18 (18. Bd2 $143 Qa3+ 19. Qb2
Qxb2+ 20. Kxb2 Bxd2 21. Rxd2 $16) 18... Qa3+ 19. Bb2 Qxb4 20. Bxd5 {Diese
Stellung mit dem Bauer auf a7 kam in Beliavsky-Ubilawa, Ordzhonikidse 1978 vor.
Dort konnte Schwarz nicht wie hier abwickeln, da am Ende Bauer a7 gehangen
haette.} Qxd4 21. Bxd4 exd5 22. e6 Rg8 23. exd7+ Kxd7 24. Re1 (24. Kd1 $6 Bxd2
25. Kxd2 Re8 $16) ({Weiss konnte den Turmtausch vermeiden, ohne die Kontrolle
ueber die e-Linie aufzugeben.} 24. Rf1 $1 f5 25. Be5 $1 Bxd2+ 26. Kxd2 Rc8 (
26... Re8 27. Re1 $18) 27. Kd3 Rc4 28. Bd4 $18) 24... Re8 25. Rxe8 Kxe8 26. Kd1
Bxd2 27. Kxd2 Kd7 28. Kd3 Ke6 29. Bc3 f5 30. Bd2 Ke5 31. g3 d4 $5 {Schwarz
opfe rt einen Bauer, um Raum fuer den Koenig und Zeit fuer den Bauernvormarsch
zu gewinnen, aber es nicht ausreichend.} (31... b6 32. Bf4+ Ke6 33. Kd4 $18 {
/\ Bc7}) (31... Kd6 32. Kd4 $18 {/\ Bf4, Bb4}) 32. Bh6 $1 Kd5 33. Bg7 b5 34.
Bxd4 b4 35. c4+ $1 bxc3 (35... Kc6 36. Kc2 a5 37. Kb3 Kb7 38. Ka4 Ka6 39. Be3
$22 $18) 36. Bxc3 Kc5 37. h4 Kd5 38. Ke3 Kc4 39. Bd2 Kb3 40. Kf4 Kc2 41. Ba5
Kd3 42. Bc7 Ke2 43. Kg5 Kf3 44. Kh6 Kg4 45. Bf4 (45. Kxh7 $2 g5 $11) 1-0

[Event "Tata Steel-B 75th"]
[Site "Wijk aan Zee"]
[Date "2013.01.20"]
[Round "8"]
[White "Edouard, Romain"]
[Black "Dubov, Daniil"]
[Result "1-0"]
[WhiteElo "2686"]
[BlackElo "2600"]
[Annotator "Edouard,R"]
[PlyCount "113"]
[EventDate "2013.01.12"]
[EventType "tourn"]
[EventRounds "13"]
[EventCountry "NED"]
[EventCategory "15"]
[SourceTitle "CBM 153"]
[Source "ChessBase"]
[SourceDate "2013.03.14"]
[SourceVersion "1"]
[SourceVersionDate "2013.03.14"]
[SourceQuality "1"]

1. e4 c5 2. Nf3 Nc6 3. d4 cxd4 4. Nxd4 Nf6 5. Nc3 d6 6. Bg5 e6 7. Qd2 a6 8.
O-O-O Bd7 9. f4 b5 10. Bxf6 gxf6 11. Kb1 Qb6 12. Nf3 $5 {Usually White takes
on c6 but I believe it is very interesting to keep more minor pieces on the
board.} Qc5 $6 {While preparing I was thinking Black should first push ...b4
in order to avoid e5-Ne4 ideas, but when my opponent played 12...Qc5 after
some 5 minutes, I thought it may be some preparation and I should reconsider
13.e5. I thought for almost an hour (!) and became completely unobjective. I
evaluated some +/- positions as unclear and decided to go for 13.f5, which is
not that bad but deserves a question mark since it is nonsense to go wrong on
the first move I have to play by myself!} 13. f5 $2 (13. e5 $1 fxe5 (13... f5
14. exd6 (14. g4 $5 {seems interesting but after} b4 15. Ne2 fxg4 16. Ng5 Qd5
$1 17. Qxd5 exd5 18. Rxd5 dxe5 19. fxe5 Bg7 20. Bg2 Rd8 {it seems like the
position is rather unclear.}) 14... Bg7 15. h3 {is just very good for White:
it is a question where the Black king will go and g4 will come very soon.}) 14.
fxe5 $1 (14. Ne4 Qb4 $132) 14... Nxe5 15. Ne4 Nxf3 16. gxf3 Qc7 (16... Qe5 17.
f4 Qxe4 18. Bg2 $16) 17. Qd4 e5 18. Nf6+ Kd8 {and here I was calculating some
forced lines, with Qh4 or Qd5, and simply didn't realise that after a simple
move like} 19. Qd2 {my compensations for the pawn are simply awesome.}) 13...
Ne5 14. Nxe5 Qxe5 (14... fxe5 15. fxe6 fxe6 16. Qg5 $40) 15. Bd3 {Now that the
knights have finally been exchanged, the position is very similar to the main
line: the only difference is that the black queen is on e5 instead of c5, and
the black light-squared bishop is on d7 instead of c6.} b4 (15... h5 16. Qf2 {
followed by Ne2 is easier for White.}) 16. Ne2 a5 17. Bc4 $1 {This move is
precisely the reason why I think the position after 15.Bd3 is anyway an
improvement compared to the main line. White is supposed to be better once the
bishop can reach this diagonal, since it is protecting the white king but also
putting pressure on the e6-pawn.} Rc8 (17... Qxe4 $2 18. fxe6 fxe6 19. Nd4 {
is killing.}) 18. b3 (18. Ba6 $5 {followed by Qd3 and Nd4 also makes sense.})
18... a4 19. Nd4 axb3 $6 (19... a3 {seemed to me like the only move (at least
to prevent my knight from moving) but after} 20. g4 $5 {(in order to avoid ...
h5 and ...Bh6) I think White is better, e.g.} h5 21. gxh5 Rxh5 22. h4 $40 {
It will take White some time to solve the problems of the b2-square but in the
long-term Black has no plan.}) 20. Bxb3 {Now my bishop has reached its perfect
square.} Be7 (20... h5 21. Rhf1 $40) 21. Rhe1 (21. Qh6 $5) 21... Rc3 22. Qh6
Bf8 23. Qh4 (23. Qh5 $1 {simply wins:} Ke7 (23... Rg8 24. Re2 {does not help
Black.}) 24. Nf3 (24. Re2 $5 {is even stronger according to Houdini.}) 24...
Qf4 (24... Qb5 25. e5 $18) 25. e5 $1 Qxf5 26. exd6+ Kd8 27. Qh4 $18) 23... Be7
(23... Rg8 24. Rd2 $16) 24. Qh6 Bf8 25. Qh4 Be7 26. Qg4 h5 ({I missed that
Black could go} 26... Kf8 $8 {but after} 27. Qh5 $1 {White is much better.} (
27. fxe6 Rg8 $1 {is not entirely clear.})) 27. Qg7 Rf8 28. Qh7 Kd8 29. Qxh5 Qc5
30. Qh6 (30. Qg4 $5) 30... e5 31. Ne2 Re3 32. Nc1 $1 {After this precise move
Black has no compensations at all for the pawn.} Rxe1 33. Rxe1 Bb5 34. Qd2 Rh8
35. h3 Bf8 36. Nd3 Bxd3 ({I considered} 36... Bh6 {to be the only move, but
after} 37. Qxh6 Rxh6 38. Nxc5 dxc5 39. Bxf7 Rh4 40. Bd5 Rf4 41. g4 {White is
totally winning (especially since ...c4 will be met by Kb2 and Black has no
stay to stick the White king on b1.}) 37. Qxd3 Bh6 38. Bxf7 Ke7 39. Bb3 Rc8 40.
Qe2 Qc3 41. Rd1 Qe3 42. Qh5 Rf8 43. Qg6 (43. h4 {followed by Qg6 is the
"tactical" win.}) 43... Qg5 44. h4 Qxg6 45. fxg6 Bg7 46. g4 Rh8 47. h5 Rc8 48.
Rf1 Rc7 49. Kc1 Bh6+ 50. Kd1 Bg7 51. Ke2 Bh6 52. Rf5 Bg7 (52... Rd7 53. g5 fxg5
54. Kf3 $18) 53. g5 fxg5 54. Rf7+ Kd8 55. Rxg7 $1 Rxg7 56. Bf7 Rxf7 57. h6 1-0

[Event "ESP-chT Div Honor"]
[Site "Monzon"]
[Date "2016.09.27"]
[Round "2.6"]
[White "Moreno Tejera, Emilio"]
[Black "Edouard, Romain"]
[Result "0-1"]
[WhiteElo "2444"]
[BlackElo "2635"]
[Annotator "Edouard,R"]
[PlyCount "70"]
[EventDate "2016.09.26"]
[EventType "team-tourn"]
[EventRounds "7"]
[EventCountry "ESP"]
[SourceTitle "CBM 175"]
[Source "ChessBase"]
[SourceDate "2016.11.10"]
[SourceVersion "1"]
[SourceVersionDate "2016.11.10"]
[SourceQuality "1"]
[WhiteTeam "Magic Extremadura"]
[BlackTeam "Sestao Fundacion EDP"]
[WhiteTeamCountry "ESP"]
[BlackTeamCountry "ESP"]

1. e4 c5 2. Nf3 d6 3. d4 cxd4 4. Nxd4 Nf6 5. Nc3 Nc6 6. Bg5 e6 7. Qd2 a6 8.
O-O-O Bd7 9. f4 b5 10. Bxf6 gxf6 11. Kb1 Qb6 12. Nce2 $5 {I knew this move
existed, but couldn't remember at all what I should do against it! I decided
to go for a move that happens to be useful in many lines, but that is probably
objectively dubious.} Rd8 $6 {On one hand, d6 is better protected (freeing the
f8-bishop in some lines) and the rook on d8 will enable Black to play ...d5 in
many lines. On the other hand long castling becomes impossible and the pawn on
a6 will be hanging in many lines after couple of logical moves, once Black
goes ...b4.} (12... h5 {should be critical.} 13. Qd3 $5 {A new idea played by
the American GM Samuel Shankland, and actually suggested by the engine.} (13.
g3 Rc8 14. Bg2 Na5 $5 (14... Nxd4 15. Nxd4 h4 16. g4 h3 17. Bf3 b4 18. Rhg1 a5
{1-0 (44) Chirila,I (2485)-Kozul,Z (2594) Budva MNE 2009, wasn't bad either.})
15. b3 {This move is not one White likes to play!} Nc6 $1 16. Rhf1 (16. Rhe1
Nxd4 17. Nxd4 Qc5 18. Re3 h4 $132 {0-1 (36) Paikidze,N (2411)-Jankovic,A (2568)
Moscow RUS 2012}) (16. c3 Be7 17. Rhf1 a5 $132 {0-1 (38) Froewis,G (2224)
-Jankovic,A (2528) Pula CRO 2008}) 16... h4 17. Nf3 (17. g4 Nxd4 18. Nxd4 h3
19. Bf3 Qc5 $132) 17... hxg3 18. hxg3 b4 19. e5 Na7 $1 $13 {1-0 (38) Almasi,Z 
(2665)-Kozul,Z (2585) Baden 1999}) 13... O-O-O (13... d5 14. exd5 Nb4 15. Qb3
Nxd5 16. g3 $14) 14. g3 (14. f5 $5 Ne7 $5 $13 (14... Ne5 15. Qc3+ Kb8 16. Nf4
$14)) (14. Nxc6 Bxc6 15. Nd4 (15. f5 d5 $132) 15... Bb7 $132) 14... Kb8 15. Bg2
Na5 16. f5 $6 (16. c3 $5 {is suggested by the computer, but after} h4 17. Nc2
Nb7 $5 18. Ned4 Nc5 {I do not think Black is worse.}) 16... e5 17. Nb3 Nc4 18.
Nc3 Bc6 19. Qe2 Ne3 ({should just be better for Black:} 19... h4 20. g4 Bh6 21.
Nd5 Bxd5 22. Rxd5 Rc8 $15) 20. Rd3 Bh6 21. a3 h4 22. g4 h3 23. Bf3 a5 24. Nxa5
Qxa5 25. Rxe3 Bxe3 26. Qxe3 b4 27. axb4 Qxb4 28. Rd1 Qc5 29. Qe1 Qb4 30. Qe3
Qc5 31. Qe1 {½-½ (31) Shankland,S (2648)-Vovk,A (2638) NOR 2016}) 13. Qe1 (
13. f5 Nxd4 14. Nxd4 e5 15. Ne2 d5 $1 {One of the tricks behind 12...Rd8.} 16.
Qxd5 Bc6 (16... Be7 $6 17. Qb3 Bc6 18. Rxd8+ Qxd8 19. Nc3 $16) 17. Qxd8+ Qxd8
18. Rxd8+ Kxd8 19. Nc3 Bc5 {is fine for Black.}) (13. g3 $5 {is another option.
}) ({But there was no reason not to go for the same move as Shankland played
against 12...h5:} 13. Qd3 $1 d5 {(again!?)} (13... Na5 14. Ng3 $14) 14. exd5
Nb4 15. Qf3 (15. Qh3 $5 Nxd5 16. g4 $36) 15... Nxd5 16. f5 {and Black's
position is not so pleasant.}) 13... h5 14. f5 (14. Qh4 $5 {first made sense,
as in the game I was able to play ..Ke7 since the position was closed. But
Black should be fine:} Be7 15. f5 Nxd4 16. Nxd4 e5 (16... Rc8 $5 17. fxe6 fxe6
18. Be2 Qc5 $13) 17. Ne2 d5 $1 18. Rxd5 Bc6 $2 $44) 14... Nxd4 ({I was also
considering} 14... Bh6 {with the idea} 15. Nxc6 Qxc6 16. Nd4 Qc5 17. fxe6 fxe6
{but I could not assess this position. It looks dangerous for Black - but is
maybe fine!}) 15. Nxd4 e5 16. Ne2 b4 17. Qh4 $5 {The aggressive and logical
option.} (17. Nc1 Rc8 18. Bd3 a5 19. Qe2 a4 20. Bc4 Rg8 $13) 17... Ke7 18. Ng3
Qf2 19. Bc4 (19. Bxa6 {was criticial:} Bh6 20. Qxh5 Qxg2 $1 (20... Bf4 21. Qe2
Bxg3 22. hxg3 Qxe2 23. Bxe2 Rxh1 24. Rxh1 d5 {may be enough for a draw.}) 21.
Bc4 Rdf8 $44) 19... Ba4 (19... Bb5 {first also made sense, but I wanted to
provoke b3 in order to get ideas like later in the game.}) 20. b3 Bb5 21. Rhf1
Qxg2 22. Rg1 Qf3 23. Bxb5 (23. Rd3 Qf2 24. Rf1 Qg2 25. Bxb5 axb5 {would have
transposed to 25...Qg2 that I could have played in the game.}) 23... axb5 24.
Rd3 (24. Rd5 Rc8 25. Rxb5 Rc7 $19) 24... Qf2 25. Rf1 Qa7 $2 {That was one of
the points behind provoking b2-b3, but it is not the best choice.} (25... Qg2 {
was safer:} 26. Rdf3 Bh6 27. R3f2 Bg5 28. Rxg2 Bxh4 $17) 26. Nxh5 Rxh5 $2 {
I was overoptimistic about this idea!} ({In the event of} 26... Rh6 {crazy
things could happen:} 27. Rfd1 Ra8 28. a4 Kd8 (28... bxa4 29. Rxd6 axb3 30.
Rd7+ Qxd7 31. Rxd7+ Kxd7 32. cxb3 {is not so easy.}) 29. Qg4 Kc7 30. Qg8 Kc6
31. Ng7 $1 Rxh2 32. Ne8 $1 Qc5 (32... Rxe8 $2 33. Rxd6+ Bxd6 34. Qxe8+ $16) 33.
Rc1 Rxe8 34. Qxf7 Rb8 35. Rd5 Qe3 36. Rxb5 Bh6 37. Qd5+ Kc7 38. Qc4+ Kd7 39.
Qe6+ $11) 27. Qxh5 Ra8 28. Kc1 Qxa2 29. Kd2 Qb2 $2 {Trying to get tricky in my
opponent's time trouble...} (29... Bg7 30. Rd1 (30. Rh3 Rh8 31. Qxh8 Bxh8 32.
Rxh8 Qb2 33. Re1 Qd4+ 34. Kc1 Qf2 35. Kd1 d5 36. exd5 Qxf5 $19) 30... Rh8 31.
Qe2 Qa7 $44) (29... Rc8 30. Rc1 Qa7 $44 (30... Qa8 $44) (30... Qb2 $44)) 30.
Rc1 $2 ({I was only worried about} 30. Qh8 Rc8 31. Rc1 Rc3 32. Rxd6 $1 $11) ({
But} 30. Rd1 $1 Rc8 31. Ke1 {would have been a disaster for Black!}) 30... Bg7
$6 31. Kd1 $4 (31. Rd1 $1 {would still have been very strong.}) 31... Rh8 32.
Qe2 Bh6 33. Rd2 Bxd2 34. Qxd2 Rh4 35. Ke1 Rxh2 0-1